000 00566nam a2200205Ia 4500
005 20250508164736.0
008 008 250505s9999 xx 000 0 eng d
020 _a978-0-415-38553-4
037 _aTextual
040 _aFEDL
_beng
_cFEDL
041 _aeng
_2eng
084 _a809.923, FLU
_qFEDL
100 _aFludernik Monika
245 0 _aIntroduction to narratology
260 _aLondon, UK
_bRoutledge Taylor and Francis
_c2009
300 _ax,190p.
365 _aGBP
_b14.99
942 _cTEXL
_h809.923, FLU
999 _c1390861
_d1390861